Fr. Conceicao Rodrigues College of Engineering

Borland C++ Multimedia programming (Record no. 30093)

MARC details
000 -LEADER
fixed length control field 00323nam a2200133Ia 4500
100 ## - MAIN ENTRY--PERSONAL NAME
Personal name Gurewitch Ori etc
245 ## - TITLE STATEMENT
Title Borland C++ Multimedia programming
260 ## - PUBLICATION, DISTRIBUTION, ETC.
Name of publisher, distributor, etc. Technical Pub
Place of publication, distribution, etc. Singapore
Date of publication, distribution, etc. 1995
300 ## - PHYSICAL DESCRIPTION
Extent 862
546 ## - LANGUAGE NOTE
Language note ENGLISH
654 ## - SUBJECT ADDED ENTRY--FACETED TOPICAL TERMS
Focus term Borland C++Multimedia programming
942 ## - ADDED ENTRY ELEMENTS (KOHA)
Koha item type BOOK
Holdings
Withdrawn status Lost status Damaged status Not for loan Collection Home library Current library Shelving location Date acquired Source of acquisition Cost, normal purchase price Inventory number Total Checkouts Full call number Barcode Date last seen Cost, replacement price Price effective from Koha item type
        CRC Fr. Agnel's C.Rodrigues College of Engineering Fr. Agnel's C.Rodrigues College of Engineering   17/03/2023 global books 595.00 011/96   7988 17/03/2023 595.00 17/03/2023 BOOK